Regular Show Quiz HARD Stats

 Plays Quiz not verified by Sporcle

Also try: Cartoon Schools
Challenge
Share
Tweet
Embed
Score 0/7 Timer 05:00
0 Plays Today
Question Answer % Correct
How many stripes are on Rigby's tail?6
87.9%
What does Rigby sleep on?trampoline
82.1%
how many stripes are on Mordecai's wrist in all?4
77.2%
what are the colors of the curtains in Mordecai's room? Green
56.2%
Who wrote 'Summertime Lovin', Lovin' in the Summer (Time)'?Solid Bold
48.6%
How much is the Realm of Darthon?$7
46.2%
What is name of the movie that erases memories?Planet Chasers Starlight Excellent
34.5%

You're not logged in!

Compare scores with friends on all Sporcle quizzes.
OR
Log In

You Might Also Like...

Show Comments

Extras

Created May 14, 2012ReportNominate
Tags:Show Quiz, hard, regular

Top Quizzes Today


Score Distribution

Your Account Isn't Verified!

In order to create a playlist on Sporcle, you need to verify the email address you used during registration. Go to your Sporcle Settings to finish the process.

Report this User

Report this user for behavior that violates our Community Guidelines.

Details: